000 00755nam a2200229Ii 4500
003 JO-AjNU
008 230605s9999||||xx |||||||||||||| ||und||
017 _a1986/5365
020 _a1977-505-024-3
040 _aJO-AjNU
_bara
_erda
_cJO-AjNU
041 _aara
050 1 4 _aPJ7552.H3278 1986
100 3 _aالهادي،صلاح الدين,
_eauthor
_933862
245 0 0 _aإتجاهات الشعر في العصر الأموي
250 _aط1
264 3 1 _aالقاهرة:مكتبة الخانجي،1986
300 _a509ص
336 _atext
_btxt
_2rdacontent
337 _aunmediated
_bn
_2rdamedia
338 _avolume
_bnc
_2rdacarrier
650 4 _a الشعراء العرب-تراجم الشعر العربي-تاريخ ونقد
_933863
999 _aA13825
_c17393
_d17393